Char Darwaish-on Ka Tazkirah : / چار درویشوں کا تذکرہ (Record no. 26218)

MARC details
000 -LEADER
fixed length control field 00548nam a22001817a 4500
003 - CONTROL NUMBER IDENTIFIER
control field BDDh-ASL
005 - DATE AND TIME OF LATEST TRANSACTION
control field 20231015030621.0
008 - FIXED-LENGTH DATA ELEMENTS--GENERAL INFORMATION
fixed length control field 211005s1919 i ||||| |||| 00| 0 u d
040 ## - CATALOGING SOURCE
Original cataloging agency BDDh-ASL
Transcribing agency BDDh-ASL
082 ## - DEWEY DECIMAL CLASSIFICATION NUMBER
Classification number 920
Item number NEC
100 1# - MAIN ENTRY--PERSONAL NAME
9 (RLIN) 4707
Personal name Nezami, Hasan
245 10 - TITLE STATEMENT
Title Char Darwaish-on Ka Tazkirah : / چار درویشوں کا تذکرہ
246 ## - VARYING FORM OF TITLE
Title proper/short title Char Darwaish-on Ka Tazkirah
260 ## - PUBLICATION, DISTRIBUTION, ETC.
Place of publication, distribution, etc. Batala :
Name of publisher, distributor, etc. Khawaja Press ,
Date of publication, distribution, etc. 1919 / 1341 H.
300 ## - PHYSICAL DESCRIPTION
Extent 28 p. :
Dimensions 21 cm.
650 #0 - SUBJECT ADDED ENTRY--TOPICAL TERM
9 (RLIN) 4558
Topical term or geographic name entry element Memoir, Hagiography
942 ## - ADDED ENTRY ELEMENTS (KOHA)
Source of classification or shelving scheme Dewey Decimal Classification
Koha item type Books
Holdings
Withdrawn status Lost status Source of classification or shelving scheme Damaged status Not for loan Collection code Home library Current library Shelving location Date acquired Source of acquisition Serial Enumeration / chronology Total Checkouts Full call number Barcode Date last seen Copy number Price effective from Koha item type
    Dewey Decimal Classification     Non-fiction Asiatic Society Library Asiatic Society Library General Stacks 10/05/2021 ASB Library Collection U-0099   920 NEC 112217 10/05/2021 C-1 10/05/2021 Books

Powered by Koha